Ambedkar and the bhangis : (Record no. 164406)

MARC details
000 -LEADER
fixed length control field 00622nam a2200193 4500
005 - DATE AND TIME OF LATEST TRANSACTION
control field 20190517162221.0
010 ## - LCCN (DPL NO)
LC control number ENG-125221
020 ## - INTERNATIONAL STANDARD BOOK NUMBER
International Standard Book Number 9788131608982
Terms of availability 795.00
035 ## - SYSTEM CONTROL NUMBER
System control number EN-108753
037 ## - SOURCE OF ACQUISITION
Source of stock number/acquisition DBAD/PUB
082 ## - DEWEY DECIMAL CLASSIFICATION NUMBER
Classification number 305.568
100 ## - MAIN ENTRY--PERSONAL NAME
Personal name Shyam Lal
245 ## - TITLE STATEMENT
Title Ambedkar and the bhangis :
Statement of responsibility, etc by Shyam Lal
Remainder of title efforts for their upliftment/
260 ## - PUBLICATION, DISTRIBUTION, ETC. (IMPRINT)
Place of publication, distribution, etc New Delhi
Name of publisher, distributor, etc Rawat Publications
Date of publication, distribution, etc 2018
270 ## - ADDRESS
Address 4858/24, Ansari Road , Daryaganj,
City New Delhi
Postal code 110002
Telephone number 01123263290
Electronic mail address info@rawatbooks.com
300 ## - PHYSICAL DESCRIPTION
Extent xiv,200p.
Dimensions 24cm(Hb)
500 ## - GENERAL NOTE
General note Includes index
942 ## - ADDED ENTRY ELEMENTS (KOHA)
Source of classification or shelving scheme Dewey Decimal Classification
Item type English Books
Classification part 305.568
Call number suffix SHY
Holdings
Withdrawn status Lost status Not for loan Collection code Home library Current library Date acquired Source of acquisition Cost, normal purchase price Full call number Barcode Copy number Cost, replacement price Koha item type
    Not For Loan Non-fiction D.B.Act.Division Central Library 17/05/2019 DBAD/PUB 795.00 305.568 SHY EN-108753 1 795.00 English Books

© Delhi Public Library
Hit Counter
free hit counter